000 00547nam a2200229Ia 4500
003 OSt
005 20220924153507.0
006 a|||||r|||| 00| 0
007 ta
008 220923b |||||||| |||| 00| 0 kan d
024 _a350382
037 _cTextual
040 _aARTS
_cARTS
_bkan
041 _2kan
_akan
082 _aVv, 33N9
100 _aBhagawan Au.
_9228941
245 0 _aItihasada pathagalu
260 _c1999
650 _aHISTORY
942 _hVv, 33N9
_cTEXL
_2CC
999 _c473753
_d473753